New frog of the genus Eleutherodactylus from western Panama (Registro nro. 9187)
[ vista simple ]
| 000 -CABECERA | |
|---|---|
| Campo de control | 005840000a22001930004500 |
| 090 ## - CLASIFICACIÓN LOCAL | |
| Colección | AR |
| Consecutivo | 00086 |
| 041 0# - IDIOMA | |
| Código de idioma para texto/pista de sonido o título separado | |
| 100 1# - ASIENTO PRINCIPAL--NOMBRE PERSONAL | |
| Nombre personal | Lynch, John D. |
| 245 10 - MENCION DE TITULO | |
| Título | New frog of the genus Eleutherodactylus from western Panama |
| 650 14 - ASIENTO SECUNDARIO DE MATERIA - TERMINO TEMATICO | |
| Término temático o nombre geográfico como elemento de entrada | Fauna |
| 650 14 - ASIENTO SECUNDARIO DE MATERIA - TERMINO TEMATICO | |
| Término temático o nombre geográfico como elemento de entrada | Anfibios |
| 650 14 - ASIENTO SECUNDARIO DE MATERIA - TERMINO TEMATICO | |
| Término temático o nombre geográfico como elemento de entrada | Nuevas especies |
| 650 14 - ASIENTO SECUNDARIO DE MATERIA - TERMINO TEMATICO | |
| Término temático o nombre geográfico como elemento de entrada | Biología |
| 650 14 - ASIENTO SECUNDARIO DE MATERIA - TERMINO TEMATICO | |
| Término temático o nombre geográfico como elemento de entrada | Morfología |
| 651 #4 - ASIENTO SECUNDARIO DE MATERIA - NOMBRE GEOGRAFICO | |
| -- | Panamá |
| 653 ## - TERMINO DE INDIZACION - NO CONTROLADO | |
| -- | Eleutherodactylus |
| -- | Eleutherodactylus jota |
| 773 1# - Item fuente: | |
| Título | Transactions of the Kansas Academy of Science |
| Especificación de materiales | 42 |
| Descripción física | 3 |
| Paginas del Articulo | 101-105 |
| Lugar, editorial y fecha de publicación | 1980 |
| Información sobre la relación | 83 |
| 942 ## - ELEMENTOS ADICIONALES (KOHA) | |
| Tipo de ítem | Artículo |
| Withdrawn status | Lost status | Sistema de Clasificación | Damaged status | No para préstamo | Colección | Ubicación Permanente | Ubicación actual | Fecha de adquisición | Fuente de Valor | Total Checkouts | Número topográfico | Inventario / Código de Barras | Date last seen | Ejemplar | Price effective from | Tipo de material |
|---|---|---|---|---|---|---|---|---|---|---|---|---|---|---|---|---|
| Dewey Decimal Classification | No para Préstamo | Hemeroteca | Bogotá | Bogotá | 27/02/2015 | Instituto de Ciencias Naturales | AR 00086 Fuera de circulación | 010314 | 25/03/2015 | 1 | 25/03/2015 | Artículo |